| 000 | 00655nam a2200205Ia 4500 | ||
|---|---|---|---|
| 003 | IN-BaIIA | ||
| 008 | 211028s9999 xx 000 0 eng d | ||
| 040 | _cIIA Library | ||
| 080 |
_a52-77 _bBOS |
||
| 100 |
_aBos, A _913946 |
||
| 245 | 0 |
_aOn instrumental effects in spectral line synthesis observations _cA. Bos |
|
| 260 |
_aDordrecht _bRediel University _c1985 |
||
| 300 | _a190p. | ||
| 650 |
_aAstronomical techniques _91786 |
||
| 650 | _aAstronomy and astrophysics thesaurus | ||
| 650 |
_aObservations _9977 |
||
| 650 |
_aSpectral line synthesis _913947 |
||
| 650 | _aSpectral lines | ||
| 942 | _cBK | ||
| 999 |
_c8318 _d8318 |
||